[Event "Superettan(Team Malmo-Lulea)"]
[Site "?"]
[Date "2011.03.11"]
[Round "7"]
[White "Magnusson, Roger"]
[Black "Marcussen, Arno"]
[Result "0-1"]
[WhiteElo "2017"]
[BlackElo "2109"]
[PlyCount "94"]

1. d4 d6 2. e4 c6 3. Nc3 g6 4. Be3 Nf6 5. f3 Bg7 6. Qd2 h5 7. Bd3 b6 8. O-O-O
e5 9. Nge2 Nbd7 10. h3 Qc7 11. g4 hxg4 12. hxg4 Bb7 13. Rxh8+ Bxh8 14. g5 Nh5
15. Bc4 Rd8 16. f4 b5 17. Bxb5 cxb5 18. Nxb5 Qb6 19. Qb4 Nb8 20. fxe5 dxe5 21.
Rf1 a6 22. Qc4 Rd7 23. Na3 exd4 24. Bg1 Qe6 25. Bh2 Nc6 26. Qxe6+ fxe6 27. Nc4
e5 28. Kd2 a5 29. Nb6 Rf7 30. Rxf7 Kxf7 31. Nc1 Ba6 32. Nb3 Nf4 33. Nc5 Bf1 34.
Ke1 Bh3 35. Kd2 Ne6 36. Nxe6 Kxe6 37. a3 Bf1 38. b3 Bg2 39. Kd3 Bf1+ 40. Kd2
Bg7 41. Nd5 Bf8 42. b4 axb4 43. axb4 Bxb4+ 44. Nxb4 Nxb4 45. c3 dxc3+ 46. Kxc3
Na6 47. Bg1 Kd6 0-1

[Event "Superettan(Team Malmo-Lulea)"]
[Site "?"]
[Date "2011.03.11"]
[Round "7"]
[White "Pousette, Gunnar"]
[Black "Danielsson, Dominik"]
[Result "1/2-1/2"]
[WhiteElo "2073"]
[BlackElo "1966"]
[PlyCount "139"]

1. c4 f5 2. g3 Nf6 3. Bg2 g6 4. Nf3 Bg7 5. Nc3 O-O 6. d3 d6 7. O-O e5 8. Rb1 a5
9. a3 Nc6 10. b4 axb4 11. axb4 h6 12. Qb3 Be6 13. Nd5 Bxd5 14. cxd5 Ne7 15.
Nxe5 dxe5 16. d6+ Ned5 17. dxc7 Qd6 18. e4 Rfc8 19. Be3 fxe4 20. dxe4 Qxb4 21.
exd5 Qxb3 22. Rxb3 Rxc7 23. d6 Rd7 24. Rxb7 Ra6 25. Rxd7 Nxd7 26. Rd1 Kf7 27.
Bb7 Ra5 28. Bd5+ Ke8 29. h4 Bf8 30. Be4 Kf7 31. Bd5+ Ke8 32. Bc4 Ra4 33. Bb5
Ra5 34. Be2 Ra4 35. Rc1 Bxd6 36. Rd1 Ke7 37. Bb5 Ra5 38. Bxd7 Kxd7 39. Bxh6 Ke6
40. Be3 Be7 41. Kg2 Ra4 42. Rb1 Ra6 43. Rb6+ Rxb6 44. Bxb6 e4 45. Kh3 Kf5 46.
Be3 Bd6 47. g4+ Ke6 48. Bg5 Be5 49. Kg2 Bd4 50. Kf1 Be5 51. Ke2 Bd4 52. Bf4 Bf6
53. Bg3 Bd4 54. Kd2 Bc5 55. Kc3 Ba7 56. Kc4 Bb6 57. Kb5 Ba7 58. Kc6 e3 59. f4
e2 60. h5 gxh5 61. f5+ Kf7 62. g5 Bd4 63. Be1 h4 64. Bxh4 Bc3 65. g6+ Kg7 66.
Kd5 e1=Q 67. Bxe1 Bxe1 68. Ke6 Bc3 69. Ke7 Bf6+ 70. Ke6 1/2-1/2

[Event "Superettan(Team Malmo-Lulea)"]
[Site "?"]
[Date "2011.03.11"]
[Round "7"]
[White "Malmgren, Lars-Goran"]
[Black "Pettersson, Tobias"]
[Result "0-1"]
[WhiteElo "1980"]
[BlackElo "2145"]
[PlyCount "83"]

1. c4 g6 2. d4 Nf6 3. Nc3 Bg7 4. e4 O-O 5. Nf3 d6 6. h3 Na6 7. Be3 c5 8. d5 Nc7
9. Bd3 Rb8 10. Nd2 Nd7 11. Qc2 e6 12. O-O exd5 13. Nxd5 Nxd5 14. exd5 Ne5 15.
Be2 Re8 16. Rae1 a6 17. f4 Bf5 18. Qb3 Nd7 19. Bf2 Qa5 20. Nf3 b5 21. cxb5 axb5
22. Nh4 c4 23. Qd1 Bxb2 24. Nxf5 gxf5 25. Qb1 Qd2 26. Qxf5 Nf6 27. Bf3 Rxe1 28.
Rxe1 Bd4 29. Re2 Bxf2+ 30. Kxf2 Qd4+ 31. Kg3 b4 32. Kh2 b3 33. axb3 cxb3 34.
Be4 Re8 35. Bf3 Rxe2 36. Bxe2 h6 37. Bf3 b2 38. Kg3 Qc3 39. Kh2 Qc1 40. Qxf6
b1=Q 41. Qd8+ Kg7 42. Qxd6 0-1

[Event "Superettan(Horndal-Majorna)"]
[Site "?"]
[Date "2011.03.11"]
[Round "7"]
[White "Kall, Anders"]
[Black "Vaarala, Eric"]
[Result "0-1"]
[WhiteElo "2202"]
[BlackElo "2256"]
[PlyCount "46"]

1. d4 d5 2. Nf3 Nf6 3. c4 c6 4. Nc3 e6 5. e3 Bb4 6. Bd3 Ne4 7. Qc2 f5 8. O-O
O-O 9. Bd2 Nxd2 10. Qxd2 Nd7 11. Qc2 g5 12. cxd5 cxd5 13. Rfd1 g4 14. Ne1 Nf6
15. Rac1 Bd7 16. Ne2 Rc8 17. Qb3 Qa5 18. Nc3 Ne4 19. Bxe4 fxe4 20. g3 b6 21.
Qc2 Bxc3 22. Qe2 Bxe1 23. Qxg4+ Kh8 0-1

[Event "Superettan(Horndal-Majorna)"]
[Site "?"]
[Date "2011.03.11"]
[Round "7"]
[White "Olsson, Krister"]
[Black "Panas, Itai"]
[Result "1-0"]
[WhiteElo "2279"]
[BlackElo "2153"]
[PlyCount "101"]

1. d4 d5 2. c4 e6 3. Nc3 c5 4. e3 Nf6 5. Nf3 Nc6 6. Be2 Be7 7. a3 Ne4 8. Qc2
Nxc3 9. bxc3 Bf6 10. O-O O-O 11. Rd1 Qa5 12. Bd2 cxd4 13. cxd4 Qc7 14. cxd5
exd5 15. Ne1 Be6 16. Nd3 Rac8 17. Rdc1 Rfd8 18. Qa4 Bd7 19. Qb3 Qd6 20. Nf4 Ne7
21. Qxb7 Nc6 22. Bb4 Nxb4 23. Qxb4 Rc6 24. Qxd6 Rxd6 25. Rc5 Be6 26. Rac1 Be7
27. Rc7 R6d7 28. Rxd7 Rxd7 29. Rc8+ Rd8 30. Rxd8+ Bxd8 31. Bf3 Be7 32. a4 Bd7
33. Nxd5 Bd8 34. Bd1 Bc6 35. Nb4 Bb7 36. Bf3 Ba5 37. Bxb7 Bxb4 38. Kf1 Kf8 39.
Ke2 Ke7 40. e4 f6 41. f4 a5 42. Kd3 h6 43. e5 g5 44. g3 gxf4 45. gxf4 Ke6 46.
Ke4 f5+ 47. Kd3 Kd7 48. d5 Ba3 49. Bc6+ Kc7 50. Bb5 Kb6 51. d6 1-0

[Event "Superettan(Horndal-Majorna)"]
[Site "?"]
[Date "2011.03.11"]
[Round "7"]
[White "Strom, Leif"]
[Black "Angskog, Kent"]
[Result "1/2-1/2"]
[WhiteElo "2133"]
[BlackElo "2238"]
[PlyCount "70"]

1. c4 g6 2. g3 Bg7 3. Bg2 d6 4. Nc3 e5 5. e4 f5 6. d3 Nf6 7. Nge2 O-O 8. O-O
Nc6 9. Rb1 Be6 10. Nd5 Qd7 11. b4 Nh5 12. exf5 Bxf5 13. b5 Nd8 14. Be3 c6 15.
Ndc3 Nf6 16. Ne4 Kh8 17. Nxf6 Bxf6 18. Nc3 Bg7 19. Qd2 Ne6 20. Ne4 d5 21. bxc6
bxc6 22. cxd5 cxd5 23. Nc5 Nxc5 24. Bxc5 Rfc8 25. Rfc1 Rc7 26. Be3 Rxc1+ 27.
Rxc1 Rb8 28. Qa5 d4 29. Bh6 Bxd3 30. h4 Rb1 31. Bxg7+ Qxg7 32. Rxb1 Bxb1 33.
Qd8+ Qg8 34. Qf6+ Qg7 35. Qd8+ Qg8 1/2-1/2

[Event "Superettan(Horndal-Majorna)"]
[Site "?"]
[Date "2011.03.11"]
[Round "7"]
[White "Rorvall, Goran"]
[Black "Bende, Tobias"]
[Result "1-0"]
[WhiteElo "2197"]
[BlackElo "2113"]
[PlyCount "61"]

1. e4 e5 2. Nf3 Nc6 3. Bb5 a6 4. Ba4 Nf6 5. O-O Be7 6. d4 b5 7. dxe5 Nxe4 8.
Bb3 O-O 9. c3 Nc5 10. Bc2 d6 11. b4 Ne6 12. Qd3 g6 13. Bh6 Re8 14. a4 Rb8 15.
axb5 axb5 16. exd6 Bxd6 17. Rd1 Qf6 18. Nbd2 Nf4 19. Ne4 Qe7 20. Qf1 Ne6 21.
Nxd6 cxd6 22. Qd3 Ne5 23. Nxe5 dxe5 24. Qe3 Qf6 25. Bb3 e4 26. Ra7 Qe5 27. f4
Qf6 28. Bg5 Qg7 29. Be7 Bb7 30. Bd6 Rbd8 31. Rxb7 1-0

[Event "Superettan(Horndal-Majorna)"]
[Site "?"]
[Date "2011.03.11"]
[Round "7"]
[White "Fors, Klas"]
[Black "Becker, Johnny"]
[Result "1/2-1/2"]
[WhiteElo "2091"]
[BlackElo "2105"]
[PlyCount "90"]

1. d4 g6 2. e4 Nf6 3. Nc3 d5 4. e5 Nh5 5. Be2 Nc6 6. Be3 Ng7 7. f4 h5 8. Bf2 a6
9. g3 Be6 10. Bf3 Qd7 11. h3 O-O-O 12. Qd2 b6 13. O-O-O Kb7 14. Kb1 f6 15. Bg2
Ka7 16. Nge2 Na5 17. b3 Nb7 18. Na4 Rc8 19. Nec3 Ne8 20. Bf1 Bg7 21. Qd3 b5 22.
Nc5 Nxc5 23. dxc5 c6 24. exf6 Bxf6 25. Ne4 Bf5 26. Nxf6 Nxf6 27. Qd4 Ne4 28.
Be1 Qc7 29. Bg2 Rhe8 30. Bf3 Nf6 31. Rh2 Be4 32. Be2 Rcd8 33. Bc3 Kb7 34. Rf1
Rh8 35. Qd2 Qd7 36. Be5 Ra8 37. Qc3 Rhf8 38. Re1 Bf5 39. Bf1 Ne4 40. Qd4 Nxg3
41. Bg2 h4 42. a4 Qd8 43. Kb2 Rf7 44. Bf3 Qd7 45. Ra1 e6 1/2-1/2

[Event "Superettan(Horndal-Majorna)"]
[Site "?"]
[Date "2011.03.11"]
[Round "7"]
[White "Bengts, Torleif"]
[Black "Thornfalt, Thomas"]
[Result "1-0"]
[WhiteElo "2176"]
[BlackElo "1725"]
[PlyCount "63"]

1. e4 e6 2. c4 Be7 3. Nc3 b6 4. Nf3 Bb7 5. d4 d6 6. Bd3 Nd7 7. O-O c5 8. d5 e5
9. Ne1 Ndf6 10. Nc2 Bc8 11. b4 h5 12. bxc5 bxc5 13. Ne3 Nh6 14. Rb1 O-O 15. Nf5
Nxf5 16. exf5 Bd7 17. f4 exf4 18. Bxf4 Ng4 19. h3 Bf6 20. hxg4 Bxc3 21. g5 Bd4+
22. Kh2 g6 23. f6 Bg4 24. Qc2 Kh7 25. Rb7 Bd7 26. Bxd6 Re8 27. Qd1 Kg8 28. Bxg6
Bg4 29. Bxf7+ Kh8 30. Qd3 Qxd6+ 31. Kh1 Re3 32. Qg6 1-0

[Event "Superettan(Horndal-Majorna)"]
[Site "?"]
[Date "2011.03.11"]
[Round "7"]
[White "Holzmann-Ekholm, Alexander"]
[Black "Wiker, Bo"]
[Result "0-1"]
[WhiteElo "1872"]
[BlackElo "2091"]
[PlyCount "86"]

1. e4 d6 2. d4 Nf6 3. Nc3 g6 4. Nf3 Bg7 5. Be3 O-O 6. Qd2 Ng4 7. Bf4 e5 8. Bg5
f6 9. Bc4+ Kh8 10. Bh4 Bh6 11. Qd3 exd4 12. Qxd4 Nc6 13. Qd1 Bd7 14. O-O g5 15.
Bg3 Qe8 16. Re1 Nge5 17. Nxe5 fxe5 18. Nd5 Rc8 19. c3 Qg6 20. Bb5 Rf7 21. Qd3
a6 22. Ba4 Bf8 23. Bd1 h5 24. h4 Bh6 25. hxg5 Bxg5 26. Bf3 h4 27. Bh2 Rcf8 28.
Kf1 Be6 29. Ke2 b5 30. Rh1 Kg8 31. Bg1 Na5 32. Ke1 Nc4 33. Qe2 Rxf3 34. gxf3
Nd2 35. f4 Bxd5 36. Kxd2 Bxf4+ 37. Ke1 Bxe4 38. f3 Bg3+ 39. Kd2 Bxf3 40. Qf1
Bxh1 41. Qh3 Qg5+ 42. Be3 Rf2+ 43. Kd1 Bf3+ 0-1

[Event "Superettan(Horndal-Majorna)"]
[Site "?"]
[Date "2011.03.11"]
[Round "7"]
[White "Eriksson, Magnus"]
[Black "Bengtsson, Tage"]
[Result "0-1"]
[WhiteElo "2101"]
[BlackElo "2030"]
[PlyCount "110"]

1. d4 f5 2. g3 g6 3. Bg2 Bg7 4. c4 d6 5. Nf3 Nh6 6. Nc3 O-O 7. O-O c6 8. d5 e5
9. dxe6 Bxe6 10. Qd3 Nf7 11. b3 Na6 12. Be3 d5 13. c5 Qe7 14. Na4 Rae8 15. Rac1
Bc8 16. Rfe1 Nc7 17. Nd4 Ne6 18. Nxe6 Qxe6 19. Qd2 Qf6 20. Rcd1 g5 21. Bd4 Qxd4
22. Qxd4 Bxd4 23. Rxd4 Ne5 24. Nb2 f4 25. Nd3 Ng6 26. gxf4 gxf4 27. Bf3 Nh4 28.
Ra1 Nxf3+ 29. exf3 Re7 30. Nxf4 Ref7 31. Nd3 Rxf3 32. Re1 Bf5 33. Ne5 Rc3 34.
Re3 Rxe3 35. fxe3 Bh3 36. Rf4 Re8 37. Ng4 Re6 38. Kf2 Kg7 39. Kg3 Bxg4 40.
Rxg4+ Rg6 41. h3 Kf6 42. Kf4 Rxg4+ 43. hxg4 h6 44. b4 Ke6 45. Kg3 Ke5 46. Kf3
a6 47. a3 a5 48. Ke2 Ke4 49. Kf2 axb4 50. axb4 d4 51. exd4 Kxd4 52. Kf3 Kc4 53.
Kf4 Kxb4 54. Kf5 Kxc5 55. Kg6 b5 0-1

[Event "Superettan(Wasa-Rodeby)"]
[Site "?"]
[Date "2011.03.11"]
[Round "7"]
[White "Svensson, Bo Anders"]
[Black "Astrom, Goran"]
[Result "1-0"]
[WhiteElo "2340"]
[BlackElo "2313"]
[PlyCount "91"]
[SourceDate "2011.03.16"]

1. c4 Nf6 2. g3 e5 3. Bg2 d5 4. cxd5 Nxd5 5. Nf3 Nc6 6. O-O Nb6 7. a3 Be7 8. d3
O-O 9. Nbd2 f5 10. b4 Bf6 11. Bb2 Nd4 12. a4 Nd5 13. Nxd4 exd4 14. Nb3 Nxb4 15.
Ba3 Be7 16. Qd2 a5 17. Rfc1 Be6 18. Nxa5 Rxa5 19. Bxb4 Bxb4 20. Qxb4 b6 21. Rc6
Bd5 22. Bxd5+ Rxd5 23. a5 Rxa5 24. Rxa5 bxa5 25. Qxa5 Rf7 26. Ra6 Qd7 27. Qe5
Re7 28. Ra8+ Kf7 29. Qc5 Rxe2 30. Rf8+ Kg6 31. h4 Re8 32. Rxe8 Qxe8 33. Qxd4
Qe7 34. Qf4 Kf7 35. Qxf5+ Kg8 36. Qc8+ Kf7 37. Qf5+ Kg8 38. Qf3 Qd6 39. Qe4 h6
40. Qa8+ Kh7 41. Qe4+ Kh8 42. Kg2 c6 43. d4 c5 44. d5 Kg8 45. Qe8+ Kh7 46. Qc6
1-0

[Event "Superettan(Wasa-Rodeby)"]
[Site "?"]
[Date "2011.03.11"]
[Round "7"]
[White "Collett, Peter"]
[Black "Greiff, Hakan"]
[Result "1/2-1/2"]
[WhiteElo "2273"]
[BlackElo "2296"]
[PlyCount "127"]

1. d4 d5 2. c4 e6 3. Nc3 Nf6 4. cxd5 exd5 5. Bg5 c6 6. e3 Be7 7. Bd3 Nbd7 8.
Qc2 O-O 9. Nge2 Re8 10. O-O Nf8 11. f3 Be6 12. Rad1 Rc8 13. Bh4 a6 14. Bf2 b5
15. Kh1 c5 16. dxc5 Bxc5 17. Qd2 Qd7 18. Nd4 Bxd4 19. exd4 Bf5 20. Ne2 Bxd3 21.
Qxd3 Qe7 22. Rfe1 Qb4 23. b3 Qa3 24. Qd2 Rc6 25. Kg1 Ne6 26. Rc1 Rec8 27. Rxc6
Rxc6 28. Rc1 Rxc1+ 29. Nxc1 Qd6 30. Nd3 h6 31. Nc5 Nd7 32. Nd3 f5 33. Qc2 f4
34. g3 fxg3 35. hxg3 Ng5 36. Kg2 Qg6 37. Qc8+ Nf8 38. Nf4 Qf7 39. Qa8 Nxf3 40.
Kxf3 g5 41. Qxd5 gxf4 42. Qxf7+ Kxf7 43. Kxf4 Ke6 44. Ke4 Nd7 45. d5+ Kd6 46.
Bd4 h5 47. b4 Ke7 48. Be3 Nf6+ 49. Kd4 Nd7 50. Bg5+ Kf7 51. Bh4 Ke8 52. d6 Nb8
53. Kd5 Kd7 54. Bg5 Nc6 55. a3 a5 56. Bd2 axb4 57. Bxb4 Nd8 58. Kc5 Ne6+ 59.
Kxb5 Nd4+ 60. Kc5 Nf5 61. Be1 Nxd6 62. Kd5 Nf5 63. Ke5 Nxg3 64. Bxg3 1/2-1/2

[Event "Superettan(Wasa-Rodeby)"]
[Site "?"]
[Date "2011.03.11"]
[Round "7"]
[White "Laksman, Efraim"]
[Black "Hallerod, Ralph"]
[Result "1-0"]
[WhiteElo "2256"]
[BlackElo "2181"]
[PlyCount "57"]

1. c4 c6 2. e4 d5 3. cxd5 cxd5 4. exd5 Qxd5 5. Nc3 Qa5 6. Qb3 Nc6 7. Nf3 Nf6 8.
Bc4 e6 9. d4 Bb4 10. O-O O-O 11. d5 exd5 12. Nxd5 Nxd5 13. Bxd5 Ne7 14. Bc4 Bg4
15. a3 Bd6 16. Ng5 Bh5 17. Ne4 Bc7 18. Ng3 Rab8 19. Qb4 Qxb4 20. axb4 Bg6 21.
b5 Nc8 22. Rd1 h5 23. Be3 Rd8 24. Rxd8+ Bxd8 25. Bf4 Nb6 26. Bxb8 Nxc4 27. Rc1
Bd3 28. b3 Nb6 29. Rd1 1-0

[Event "Superettan(Wasa-Rodeby)"]
[Site "?"]
[Date "2011.03.11"]
[Round "7"]
[White "Berkell, Peder"]
[Black "Wahlbom, Magnus"]
[Result "0-1"]
[WhiteElo "2156"]
[BlackElo "2291"]
[PlyCount "80"]

1. f4 d5 2. Nf3 Bg4 3. e3 g6 4. Be2 Bxf3 5. Bxf3 c6 6. d3 Bg7 7. c3 e6 8. O-O
Ne7 9. Qe2 O-O 10. e4 Nd7 11. g3 b5 12. Be3 a5 13. Nd2 Qc7 14. Bg2 Rab8 15. e5
c5 16. Rac1 c4 17. d4 Nb6 18. g4 Na4 19. Rc2 b4 20. cxb4 axb4 21. f5 exf5 22.
gxf5 Nxf5 23. Rxf5 gxf5 24. Qh5 c3 25. b3 Nc5 26. Nf3 Ne4 27. Bh3 Rb6 28. Bxf5
Rg6+ 29. Kf1 Qc6 30. Ng5 Qa6+ 31. Re2 Rh6 32. Qg4 Nxg5 33. Bxg5 Rxh2 34. Be7
Qxe2+ 35. Qxe2 Rxe2 36. Kxe2 Ra8 37. Bxb4 Rxa2+ 38. Kd1 Rf2 39. e6 c2+ 40. Bxc2
fxe6 0-1

[Event "Superettan(Wasa-Rodeby)"]
[Site "?"]
[Date "2011.03.11"]
[Round "7"]
[White "Bernhardsson, Sten"]
[Black "Nordstrom, Felix"]
[Result "1/2-1/2"]
[WhiteElo "2103"]
[BlackElo "2149"]
[PlyCount "40"]

1. d4 Nf6 2. c4 e6 3. Nf3 d5 4. Bg5 Be7 5. e3 O-O 6. Nc3 Nbd7 7. Rc1 c6 8. Bd3
dxc4 9. Bxc4 Nd5 10. Bxe7 Qxe7 11. O-O Nxc3 12. Rxc3 e5 13. dxe5 Nxe5 14. Nxe5
Qxe5 15. f4 Qe4 16. Qe2 Bf5 17. Bd3 Qd5 18. Bc4 Qe4 19. Bd3 Qd5 20. Bc4 Qe4
1/2-1/2

[Event "Superettan(Wasa-Rodeby)"]
[Site "?"]
[Date "2011.03.11"]
[Round "7"]
[White "Wenzel, Birger"]
[Black "Ostling, Hakan"]
[Result "1/2-1/2"]
[WhiteElo "2125"]
[BlackElo "2163"]
[PlyCount "84"]

1. d4 f5 2. g3 Nf6 3. Bg2 d6 4. Nf3 g6 5. O-O Bg7 6. c4 O-O 7. Nc3 Nc6 8. d5
Na5 9. Qa4 c5 10. dxc6 bxc6 11. c5 dxc5 12. Rd1 Qb6 13. Ne5 Be6 14. Nxc6 Nxc6
15. Bxc6 Rad8 16. Bf3 Qb4 17. Qc2 Rxd1+ 18. Qxd1 Bf7 19. Qc2 Rb8 20. Rb1 Rd8
21. Bd2 Bxa2 22. Nxa2 Qxd2 23. Qxc5 Qd7 24. Nb4 Qd6 25. Qc4+ Kh8 26. Ra1 Rd7
27. Ra6 Qb8 28. Rc6 Rd8 29. Nd3 e5 30. Bg2 e4 31. Nf4 Qxb2 32. Ne6 Re8 33. Rc7
Qa1+ 34. Bf1 Bh6 35. e3 Qe5 36. Nd4 a5 37. Rc5 Qe7 38. Rxa5 Bg7 39. Rc5 Qd6 40.
Rc6 Qd7 41. Qa6 Ng4 42. Rd6 Qc8 1/2-1/2

[Event "Superettan(Wasa-Rodeby)"]
[Site "?"]
[Date "2011.03.11"]
[Round "7"]
[White "Eriksson, Bengt"]
[Black "Wahlund, Bengt"]
[Result "1-0"]
[WhiteElo "2065"]
[BlackElo "2019"]
[PlyCount "33"]

1. d4 Nf6 2. Bg5 e6 3. e4 h6 4. Bxf6 Qxf6 5. Nc3 Bb4 6. Qd2 c5 7. a3 Bxc3 8.
bxc3 d6 9. f4 e5 10. fxe5 dxe5 11. Nf3 O-O 12. dxe5 Qe7 13. Bc4 Nc6 14. O-O
Nxe5 15. Nxe5 Qxe5 16. Rxf7 Be6 17. Re7 1-0

[Event "Superettan(Wasa-Rodeby)"]
[Site "?"]
[Date "2011.03.11"]
[Round "7"]
[White "Aurehl, Bo"]
[Black "Dolgov, Mikhail"]
[Result "1-0"]
[WhiteElo "2044"]
[BlackElo "1962"]
[PlyCount "79"]

1. d4 f5 2. c4 Nf6 3. Nc3 e6 4. g3 c6 5. Bg2 d5 6. Qb3 Qb6 7. c5 Qxb3 8. axb3
Na6 9. Nf3 Be7 10. O-O Nd7 11. Ne1 e5 12. e3 Nb4 13. Ra4 a5 14. Bd2 b6 15. Nf3
e4 16. Nh4 O-O 17. Rfa1 Nc2 18. Rc1 b5 19. Nxb5 cxb5 20. Rxa5 Rxa5 21. Bxa5
Nxe3 22. fxe3 g5 23. Nxf5 Rxf5 24. Bf1 g4 25. Bxb5 Bg5 26. Bd2 Rf3 27. Ra1 Rf8
28. Ra8 Nf6 29. b4 Bd7 30. Ra5 Rc8 31. Ba6 Ra8 32. Bb7 Rb8 33. Ba6 Ne8 34. b5
Nc7 35. c6 Nxa6 36. Rxa6 Bc8 37. c7 Rxb5 38. Ra8 Rb7 39. Rxc8+ Kg7 40. Rg8+ 1-0

[Event "Superettan(Burgsvik-Orebro)"]
[Site "?"]
[Date "2011.03.11"]
[Round "7"]
[White "Lundin, Jan"]
[Black "Fries Nielsen, Niels J"]
[Result "0-1"]
[WhiteElo "2349"]
[BlackElo "2410"]
[PlyCount "138"]

1. d4 Nf6 2. c4 c5 3. d5 b5 4. cxb5 a6 5. bxa6 Bxa6 6. Nc3 d6 7. Nf3 g6 8. g3
Bg7 9. Bg2 O-O 10. O-O Nbd7 11. Rb1 Ne8 12. Qc2 Qa5 13. Bg5 Qd8 14. Rfd1 Nc7
15. b3 Re8 16. e4 Qb8 17. a4 Bc8 18. Re1 Na6 19. Nb5 Nb4 20. Qd2 Ba6 21. Bf1
Nb6 22. Rbc1 Qb7 23. h4 Nc8 24. h5 Na7 25. hxg6 hxg6 26. Na3 Bxf1 27. Rxf1 Qd7
28. Kg2 e6 29. Nc4 exd5 30. exd5 Rab8 31. Bf4 Nc8 32. Rfe1 Rxe1 33. Rxe1 Bf8
34. Bh6 Ne7 35. Bxf8 Rxf8 36. Rh1 f6 37. Qh6 Kf7 38. Qh7+ Ke8 39. Re1 Nbxd5 40.
Qxg6+ Kd8 41. Qe4 f5 42. Qh4 Kc7 43. Ng5 Ng6 44. Qh7 Qxh7 45. Nxh7 Rb8 46. Rd1
Nge7 47. Rd3 Rg8 48. Kf1 f4 49. Kg2 Kc6 50. Na5+ Kd7 51. Nc4 Kc7 52. Rd1 Rg6
53. Re1 fxg3 54. fxg3 Nf5 55. Nf8 Rxg3+ 56. Kf2 Nf4 57. Re7+ Kc6 58. Re8 Nd3+
59. Kf1 Rf3+ 60. Kg2 Nd4 61. Rb8 Nf4+ 62. Kh2 Nde2 63. Rc8+ Kd5 64. Nb6+ Kd4
65. Ne6+ Nxe6 66. Rh8 N6f4 67. Nc4 Rf2+ 68. Kh1 Ng3+ 69. Kg1 Rg2# 0-1

[Event "Superettan(Burgsvik-Orebro)"]
[Site "?"]
[Date "2011.03.11"]
[Round "7"]
[White "Berg, Emanuel"]
[Black "Drugge, Patrick"]
[Result "1-0"]
[WhiteElo "2680"]
[BlackElo "2323"]
[PlyCount "57"]

1. e4 e5 2. Nf3 Qe7 3. Nc3 c6 4. d4 d6 5. h3 Nf6 6. a4 Qc7 7. Bc4 Be7 8. O-O
O-O 9. Re1 h6 10. dxe5 dxe5 11. Nh4 Rd8 12. Qf3 Rd4 13. Ba2 Na6 14. Qg3 Nh5 15.
Bxf7+ Kxf7 16. Qg6+ Kg8 17. Qxh5 Bxh4 18. Qxh4 Nb4 19. Re2 b6 20. f4 Ba6 21.
Rf2 Rf8 22. Be3 Rd7 23. f5 Rf6 24. g4 g5 25. fxg6 Rxg6 26. Bxh6 Rf7 27. Rd1 Rd6
28. Qg5+ Kh7 29. Rxd6 1-0

[Event "Superettan(Burgsvik-Orebro)"]
[Site "?"]
[Date "2011.03.11"]
[Round "7"]
[White "Nygren, Kim"]
[Black "Krupenski, Juri"]
[Result "1-0"]
[WhiteElo "2328"]
[BlackElo "2257"]
[PlyCount "63"]

1. e4 c5 2. Nf3 g6 3. d4 Bg7 4. Nc3 cxd4 5. Nxd4 Nc6 6. Nb3 Nf6 7. g4 d6 8. Be2
a5 9. g5 Nd7 10. a4 Nb4 11. Nb5 Nc5 12. Nxc5 dxc5 13. c3 Qxd1+ 14. Kxd1 Na6 15.
Be3 Bh3 16. Rg1 h6 17. Kc2 hxg5 18. Bxg5 Be5 19. f4 Bg7 20. f5 gxf5 21. Bf4 Kf8
22. Bf3 e5 23. Rxg7 Kxg7 24. Bxe5+ f6 25. Rg1+ Kf7 26. Nd6+ Ke6 27. Bf4 fxe4
28. Be2 Rh7 29. Bc4+ Ke7 30. Re1 Nc7 31. Nxe4 Kd7 32. Nxf6+ 1-0

[Event "Superettan(Burgsvik-Orebro)"]
[Site "?"]
[Date "2011.03.11"]
[Round "7"]
[White "Fries Nielsen, Jens Ove"]
[Black "Gruvaeus, Curt"]
[Result "1-0"]
[WhiteElo "2412"]
[BlackElo "2332"]
[PlyCount "59"]

1. d4 c5 2. dxc5 e6 3. Nc3 Bxc5 4. Ne4 d5 5. Nxc5 Qa5+ 6. Bd2 Qxc5 7. Bc3 f6 8.
e4 Ne7 9. Qh5+ Kf8 10. Nf3 Nbc6 11. Nd2 e5 12. exd5 Nxd5 13. Ne4 Qe7 14. Bd2
Be6 15. c3 Rd8 16. Be2 Nf4 17. Bxf4 exf4 18. f3 Ne5 19. O-O g5 20. Qh6+ Qg7 21.
Qxf6+ Qxf6 22. Nxf6 Rd2 23. Rfe1 Kg7 24. Ne4 Rxb2 25. Nxg5 Bxa2 26. Bf1 Nc6 27.
c4 Rc8 28. Rad1 Kg6 29. Re6+ Kh5 30. Nf7 1-0

[Event "Superettan(Burgsvik-Orebro)"]
[Site "?"]
[Date "2011.03.11"]
[Round "7"]
[White "Alm, Hakan"]
[Black "Linusson, Pelle"]
[Result "1-0"]
[WhiteElo "2313"]
[BlackElo "2132"]
[PlyCount "67"]

1. c4 b6 2. Nf3 Bb7 3. e3 f5 4. Nc3 Nf6 5. Be2 e6 6. O-O Bb4 7. Qb3 Na6 8. a3
Nc5 9. Qc2 Bxc3 10. Qxc3 a5 11. b3 O-O 12. Bb2 Qe7 13. d3 d6 14. Nd4 Qd7 15. f4
Rae8 16. Rae1 g6 17. Nf3 Qe7 18. h3 Ncd7 19. b4 axb4 20. axb4 c5 21. Ra1 Qd8
22. bxc5 bxc5 23. Qb3 Qc7 24. Rfb1 Bc6 25. Qc3 e5 26. fxe5 dxe5 27. Nd2 e4 28.
dxe4 Bxe4 29. Nxe4 fxe4 30. Rf1 Ne5 31. Rf4 g5 32. Rf5 Nf3+ 33. Bxf3 exf3 34.
Rxg5+ 1-0

[Event "Superettan(Burgsvik-Orebro)"]
[Site "?"]
[Date "2011.03.11"]
[Round "7"]
[White "Andersson, Bjorn"]
[Black "Lind, Jan-Olov"]
[Result "1-0"]
[WhiteElo "2320"]
[BlackElo "2216"]
[PlyCount "77"]

1. e4 c5 2. Nf3 e6 3. d4 cxd4 4. Nxd4 a6 5. Bd3 Nc6 6. Be3 Nf6 7. Nc3 Bb4 8.
O-O Qc7 9. h3 Nxd4 10. Bxd4 e5 11. Be3 Bxc3 12. bxc3 Qxc3 13. Rb1 b5 14. a4
bxa4 15. Rb6 Qc7 16. Qa1 O-O 17. Qxa4 Bb7 18. f3 Bc6 19. Qa5 Rfb8 20. Rfb1 Rxb6
21. Bxb6 Qb8 22. c4 d6 23. Kh2 Qc8 24. Qa3 Qd7 25. Ba5 h6 26. Rb6 g6 27. Bd2
Kg7 28. Bb4 Qc7 29. Ba5 Ne8 30. Qc3 Qd7 31. c5 f6 32. cxd6 Bb5 33. Bb4 Rc8 34.
Bxb5 axb5 35. Qd3 Rc4 36. Qd5 Rxb4 37. Rb7 Qxb7 38. Qxb7+ Kg8 39. d7 1-0

[Event "Superettan(Burgsvik-Orebro)"]
[Site "?"]
[Date "2011.03.11"]
[Round "7"]
[White "Jonsson, Krister"]
[Black "Fraenkel, Mikael"]
[Result "1-0"]
[WhiteElo "2156"]
[BlackElo "2072"]
[PlyCount "53"]

1. d4 Nf6 2. c4 g6 3. Nc3 Bg7 4. e4 d6 5. f3 O-O 6. Be3 e5 7. Nge2 Nc6 8. d5
Ne7 9. Qd2 Re8 10. g4 a5 11. Ng3 a4 12. Bd3 c6 13. h4 h5 14. gxh5 Nxh5 15. Nxh5
gxh5 16. Bg5 Qb6 17. O-O-O Ng6 18. Rhg1 Kh7 19. Be3 Qc7 20. Rg5 Bd7 21. Rxh5+
Kg8 22. Bh6 Bf6 23. Rg1 b5 24. dxc6 Bxc6 25. cxb5 Bb7 26. Kb1 a3 27. b3 1-0

[Event "Superettan(Burgsvik-Orebro)"]
[Site "?"]
[Date "2011.03.11"]
[Round "7"]
[White "Akerman, Axel"]
[Black "Blomstrom, Lars"]
[Result "0-1"]
[WhiteElo "2108"]
[BlackElo "2188"]
[PlyCount "118"]

1. e4 e5 2. Nf3 Nc6 3. Bb5 a6 4. Ba4 Nf6 5. Qe2 b5 6. Bb3 Be7 7. c3 d6 8. O-O
O-O 9. Rd1 Bb7 10. d4 Qc8 11. Nbd2 h6 12. Nf1 Re8 13. Ng3 Bf8 14. a4 Na5 15.
Bc2 Bc6 16. d5 Bd7 17. b4 Nc4 18. axb5 axb5 19. Rxa8 Qxa8 20. Bd3 c6 21. Bxc4
bxc4 22. Qxc4 Qa4 23. Re1 cxd5 24. exd5 Rc8 25. Qd3 Qb3 26. Bd2 Nxd5 27. Rb1
Qa2 28. Rc1 Nb6 29. Be3 Nc4 30. Nd2 Be6 31. Nxc4 Bxc4 32. Qd2 Qa6 33. h3 Ra8
34. f4 Qc6 35. Rc2 Qb5 36. Kh2 Rc8 37. Rc1 Ra8 38. Rc2 f6 39. fxe5 dxe5 40. Qf2
Rc8 41. Bd2 Be6 42. Rc1 Ra8 43. Rc2 Qd3 44. Rb2 Rb8 45. Qa7 Qb5 46. Be3 Rb7 47.
Qa8 Rc7 48. Rd2 Rc8 49. Qa1 f5 50. Ne2 Bc4 51. Ng1 f4 52. Bf2 e4 53. Rd4 Qf5
54. Qa7 Bf1 55. Qb7 Re8 56. Be1 Qg6 57. Rd2 Bd6 58. Qd5+ Re6 59. Rb2 Kh7 0-1

[Event "Superettan(Rockaden,Umea-Team Malmo)"]
[Site "?"]
[Date "2011.03.12"]
[Round "8"]
[White "Lindahl, Jonas"]
[Black "Forsberg, Viktor"]
[Result "1/2-1/2"]
[WhiteElo "2238"]
[BlackElo "2301"]
[PlyCount "123"]
[SourceDate "2011.03.16"]

1. e4 e5 2. Nf3 Nc6 3. Bc4 d6 4. d3 Be7 5. Nbd2 Nf6 6. Nf1 O-O 7. Ng3 Na5 8.
O-O Nxc4 9. dxc4 b6 10. Qe2 Kh8 11. Rd1 Qe8 12. Bg5 Ng8 13. Rd3 Bxg5 14. Nxg5
f6 15. Nf3 Ne7 16. Nh4 g6 17. Re1 Qf7 18. Re3 Nc6 19. Nf1 Nd4 20. Qd2 Ne6 21.
Rg3 Nf4 22. Ne3 Be6 23. Nd5 Bxd5 24. cxd5 f5 25. c4 Qf6 26. Nf3 Nh5 27. Rh3 f4
28. Rc1 a5 29. Ne1 Qf7 30. Qe2 Nf6 31. Nf3 Rg8 32. Ng5 Qe7 33. b3 Nh5 34. Qg4
Nf6 35. Qh4 Rg7 36. Ne6 Rf7 37. Ng5 Rg7 38. Ne6 Rf7 39. Re1 Rg8 40. Ng5 Rfg7
41. g3 Nh5 42. Ne6 Qxh4 43. Rxh4 Rf7 44. gxf4 Nxf4 45. Nxf4 g5 46. Rg4 gxf4 47.
Rxg8+ Kxg8 48. f3 Rf6 49. a3 Rg6+ 50. Kf2 Rh6 51. Kg2 Rg6+ 52. Kh1 Kf7 53. b4
axb4 54. axb4 Ke7 55. Rc1 Kd7 56. c5 bxc5 57. bxc5 c6 58. dxc6+ Kxc6 59. cxd6+
Kxd6 60. Rd1+ Ke6 61. Ra1 Kd6 62. Rd1+ 1/2-1/2